000 00680nam a2200217 u 4500
005 20220909064337.0
008 080610s2005 r 000 0 eng d
020 _a8426355153
035 _aUPN01000156740
049 _aI
050 4 _aBF723 P2.5
_bW4.6
100 1 _aWhelehan, Dennis,
_d1931-
245 1 3 _aLa padreteca /
_cDennis Whelehan ; il. Tim Archbold ; tr. Juan Ramón Azaola.
260 _aZaragoza, Esp. :
_bEdelvives,
_c2005.
300 _a79 p. :
_bil.
440 0 _aAla Delta.
_pSerie azul ;
_v41
534 _pTítulo original:
_tThe dad library
650 0 _aRelación padres-hijos
_91359
650 0 _aLiteratura infantil inglesa
_911046
905 _aInfantil
999 _c128854
_d128854